000 00524 a2200169 4500
003 OSt
005 20231027163232.0
008 231027b |||||||| |||| 00| 0 eng d
020 _a9789357321181
040 _coclc
082 _a398.2
_bSRE/C
100 _aSreekumar, K
_97440
245 _aVADAKKANPATTU KATHAKAL SERIES CHIRAKKAL THAMPURANUM ARAKKAL BEEVIYUM /
_cDr. K Sreekumar
260 _aKottayam:
_bD C Books
_c2023.
300 _a128 p
_c21 cm
942 _2ddc
_cBK
_h398.2
_iSRE/C
_k398.2
_mSRE/C
999 _c42929
_d42929